| 000 | 01256nam a22002657a 4500 | ||
|---|---|---|---|
| 005 | 20170124103123.0 | ||
| 010 | _aA-861344 | ||
| 020 | _c80.00 | ||
| 035 | _aA-861344 | ||
| 037 | _bCen Lib/Ret | ||
| 040 |
_aDPL _bHN |
||
| 082 |
_a305.56 _bकपूर |
||
| 100 |
_aकपूर, मस्तराम _982445 |
||
| 245 |
_aमंडल रिपोर्ट : _cमस्तराम कपूर _bवर्ण-व्यवस्था से समाजवादी व्यवस्था की ओर / |
||
| 246 |
_aMandal report : varn-vyavstha se samajvadi vyavstha ki or / _bby Mastram Kapoor |
||
| 250 | _aदूसरा संस्करण | ||
| 260 |
_bसारांश प्रकाशन _aनई दिल्ली _c1996 |
||
| 270 |
_bनई दिल्ली _a13 दरियागंज _e110002 |
||
| 300 |
_a115पृ. _c20सेमी(सजिल्द) |
||
| 650 |
_aमंडल आयोग -- एक समीक्षा _982446 |
||
| 650 |
_aमंडल रिपोर्ट -- जनता दल सरकार _982448 |
||
| 650 |
_aMandal Commission - a review _982450 |
||
| 650 |
_aBoard Report - Janata Dal government _982451 |
||
| 942 |
_2ddc _cHN _h305.56 _mकपूर |
||
| 999 |
_c118905 _d118905 |
||